Hrubý obrat - Ekonomický účet - vybrané ukazovatele poľnohospodárstva 2014

Salvato in:
Dettagli Bibliografici
Natura: Libro
Lingua:slovacco
Pubblicazione: Bratislava Štatistický úrad Slovenskej republiky 2015
Serie:Poľnohospodárstvo
Soggetti:
Tags: Aggiungi Tag
Nessun Tag, puoi essere il primo ad aggiungerne!!

MARC

LEADER 00000nlm$a2200000$$$4500
001 0222168
005 20240515120408.4
020 |a 978-80-8121-398-4 
041 0 |a slo 
044 |a SK 
245 1 0 |a Hrubý obrat - Ekonomický účet - vybrané ukazovatele poľnohospodárstva 2014 
264 1 |a Bratislava  |b Štatistický úrad Slovenskej republiky  |c 2015 
300 |a 93 s. 
490 1 |a Poľnohospodárstvo 
830 0 |a Poľnohospodárstvo 
500 |a Zdroj dokumentu: Štatistický úrad SR 
610 2 0 |a poľnohospodárstvo 
610 2 0 |a obrat hrubý 
610 2 0 |a produkcia 
610 2 0 |a medzispotreba 
610 2 0 |a výroba poľnohospodárska 
610 2 0 |a výrobky rastlinné 
610 2 0 |a výrobky živočíšne 
610 2 0 |a zamestnanci 
610 2 0 |a príjmy 
610 2 0 |a mzdy 
610 2 0 |a dane 
610 2 0 |a investície 
610 2 0 |a Slovensko